Statistics for Presidents Of Afghanistan

Click here to take the quiz!

General Stats

  • This quiz has been taken 10 times
  • The average score is 5 of 11

Answer Stats

YearsPresidentParty% Correct
2014-Ashraf GhaniIndependent
80%
2001-2014Hamid KarzaiIndependent
70%
1973-1978Mohammed Daoud KhanNational Revolutionary Party
60%
1978-1979Nur Muhammad TarakiPeople’s Democratic Party
50%
1979Hafizullah AminPeople’s Democratic Party
50%
1979-1986Babrak KarmalPeople’s Democratic Party
50%
1987-1992Mohammad NajibullahPeople’s Democratic Party
50%
1992-2001Burhanuddin RabbaniJamiat-e Islami
30%
1992Abdul Rahim HatifWatan Party
20%
1992Sibghatullah MojaddediNational Liberation Front of Afghanistan
20%
1986-1987Haji Mohammad ChamkaniIndependent
10%

Score Distribution

Percentile by Number Answered

Percent of People with Each Score

Your Score History

You have not taken this quiz